HTML,XHTML & CSS Quicksteps / (Record no. 39698)

MARC details
000 -LEADER
fixed length control field 00735nam a22002177a 4500
005 - DATE AND TIME OF LATEST TRANSACTION
control field 20100806122425.0
010 ## - LCCN (DPL NO)
LC control number ENG-98558
020 ## - INTERNATIONAL STANDARD BOOK NUMBER
International Standard Book Number 9780070703537
Terms of availability 250.00
020 ## - INTERNATIONAL STANDARD BOOK NUMBER
International Standard Book Number 0070703531
Terms of availability 250.00
035 ## - SYSTEM CONTROL NUMBER
System control number EN-82091
037 ## - SOURCE OF ACQUISITION
Source of stock number/acquisition DBAD/PUB
082 ## - DEWEY DECIMAL CLASSIFICATION NUMBER
Classification number 005.72
100 ## - MAIN ENTRY--PERSONAL NAME
Personal name Hart Davis, Guy
245 ## - TITLE STATEMENT
Title HTML,XHTML & CSS Quicksteps /
Statement of responsibility, etc by Guy Hart Davis
260 ## - PUBLICATION, DISTRIBUTION, ETC. (IMPRINT)
Place of publication, distribution, etc New Delhi
Name of publisher, distributor, etc Tata McGraw Hill
Date of publication, distribution, etc 2010
270 ## - ADDRESS
Address 7 West Patel Nagar
City New Delhi
Postal code 110008
300 ## - PHYSICAL DESCRIPTION
Extent xviii,206p
Dimensions 20cm(pbk)
500 ## - GENERAL NOTE
General note Includes index
942 ## - ADDED ENTRY ELEMENTS (KOHA)
Source of classification or shelving scheme Dewey Decimal Classification
Item type English Books
Classification part 005.72
Call number suffix HAR
Holdings
Withdrawn status Lost status Not for loan Collection code Home library Current library Date acquired Source of acquisition Cost, normal purchase price Full call number Barcode Copy number Cost, replacement price Koha item type
    Not For Loan Non-fiction D.B.Act.Division D.B.Act.Division 06/08/2010 DBAD/PUB 250.00 005.72 HAR EN-82091 1 250.00 English Books

© Delhi Public Library
Hit Counter
free hit counter